000 01722cam a22004694i 4500
003 PE-LiUPU
005 20250731184529.0
008 150623s r 000 0 d
020 _a0520205316
035 _a(Sirsi) i9780520205314
040 _aPE-LiUPU
_bspa
_cPE-LiUPU
_erda
049 _aPRUA
082 0 4 _a932.02
_bB78
_221
100 1 _aBowman, Alan K.,
_eautor.
245 1 0 _aEgypt after the pharaohs :
_b332 B.C. - A.D. 642, from Alexander to the Arab conquest /
_cAlan K Bowman.
264 1 _aBerkeley :
_bUniversity of California Press,
_c1996.
300 _a270 páginas :
_bilustraciones fotos, láms. ;
_c24 centímetros
336 _atext
_2rdacontent
337 _aunmediated
_2rdamedia
338 _avolume
_2rdacarrier
504 _aIncluye bibliografía.
505 0 _aThe gift of the Nile. -The ruling power. -State and subject. -Poverty and prosperity. -Greeks and Egyptians. -Gods, temples and churches. -Alexandria, queen of the Mediterranean. -Epilogue. -Appendix.
526 _aP136
526 _aP135
526 _aP134
526 _aP133
526 _aP144
526 _aP143
526 _aP87
526 _aP35
526 _aP20
526 _aP14
526 _aP10
526 _aP06
650 0 4 _aEgipto
_xCivilización
_y332 a. C.-638 d. de JC.
942 _2ddc
_cBOOK
949 _a932.02 B78
_wDEWEY
_c1
_i44876
_lCCODEBUL1
_mBUL
_r0
_sY
_tBOOK
_u2015-6-24
_xTEOLOGIA
_PP35
_0COMPRA
_o.STAFF. Colección General
994 _aC0
_bPEPRU
596 _a1
999 _a932.02 B78
_wDEWEY
_c21752
_i44876
_f2021-11-11
_g5
_lCCODEBUL1
_mBUL
_r0
_sY
_tBOOK
_u2015-6-24
_xTEOLOGIA
_PP35
_0COMPRA
_o.STAFF. Colección General
_d21752
980 _81
_gALBERTO SANCHEZ Responsable de Automatización